Práticas pedagógicas em matemática: espaço, tempo e corporeidade (Record no. 193201)

MARC details
000 -LÍDER
campo de controle de tamanho fixo 00440 a2200157 4500
001 - NÚMERO DE CONTROLE
campo de controle 193201
020 ## - ISBN - INTERNATIONAL STANDARD BOOK NUMBER
ISBN - International Standard Book Number 978-85-360-1125-7
040 ## - FONTE DA CATALOGAÇÃO
Instituição que transcreveu o registro Magnum
100 ## - ENTRADA PRINCIPAL--NOME PESSOAL
Nome pessoal Gigante, Ana Maria Beltrão
240 10 - TÍTULO UNIFORME
Título uniforme Práticas pedagógicas em matemática: espaço, tempo e corporeidade
Idioma da obra por
245 10 - TÍTULO
Título Práticas pedagógicas em matemática: espaço, tempo e corporeidade
300 ## - DESCRIÇÃO FÍSICA
Extensão 120
362 0# - DATAS DE PUBLICAÇÃO E/OU DESIGNAÇÃO SEQUENCIAL
Datas de publicação e/ou designação sequencial 2012
697 ## - ENTRADA DE ASSUNTO LOCAL--ENTIDADE COLETIVA (RLIN)
Nome corporativo ou nome da jurisdição MATEMÁTICA
942 ## - ELEMENTOS DE ENTRADA ADICIONADOS (KOHA)
Tipo de material Koha Livros
Holdings
Situação do descarte Situação das perdas Situação física Não pode ser emprestado Biblioteca de origem Biblioteca atual Data de aquisição Total de empréstimos Número de chamada completo Código de barras Data de último acesso Data do preço efetivo Tipo de material Koha
        Magnum Magnum 08/06/2024   4.42 MAG00072211 08/06/2024 08/06/2024 Livros